00327 a2200109 4500001001000000005001700010008004100027245004000068100003100108773006100139999001700200ART_2833920260410161941.0260409a 10aEl nuevo Código Civil y comercial1 aRodríguez Mancini, Jorge0 tTemas de derecho laboralg- Nº 11 (nov. 2014)wREV27619 c29522d29522